000 00680nam a22002297a 4500
003 OSt
005 20140310181929.0
008 130722t xxu||||| |||| 00| 0 eng d
020 _a059020937X
050 _aLB 1576
_b.M478 1998
082 _aTRE 808.042
_bM12n 1998
100 _aMcCarthy, Tara
_92574
245 _aNarrative writing /
_cby Tara McCarthy.
260 _aNew York :
_bScholastic Professional Books,
_cc1998.
300 _a64 p.
_bill. ;
_c28 cm.
521 _aFaculty
541 _j1
562 _e1
650 _2 Narration (Rhetoric)--Study and teaching.
650 _2 Narration (Rhetoric)--Study and teaching.
942 _2lcc
_cBK-TR
_kTRE
999 _c7286
_d7286